10 Most Overcrowded Countries - Statistics

General Stats
  • This quiz has been taken 47 times
  • The average score is 5 of 10
Answer Stats
Rank Country % Correct
1 Monaco
77%
7 Bangladesh
70%
2 Singapore
70%
3 Vatican City
64%
10 Taiwan
57%
5 Malta
48%
4 Bahrain
41%
8 Lebanon
30%
6 Maldives
25%
9 Barbados
20%
No matching quizzes found
Score Distribution
Percent of People with Each Score
Percentile by Number Answered
Your Score History
You have not taken this quiz